The Buddhist revival in Sri Lanka : (Record no. 882)
[ view plain ]
| 000 -LEADER | |
|---|---|
| fixed length control field | 00479nam a2200169Ia 4500 |
| 005 - DATE AND TIME OF LATEST TRANSACTION | |
| control field | 20240731035858.0 |
| 008 - FIXED-LENGTH DATA ELEMENTS--GENERAL INFORMATION | |
| fixed length control field | 240331s9999 xx 000 0 und d |
| 020 ## - INTERNATIONAL STANDARD BOOK NUMBER | |
| ISBN | 8120810473 |
| 082 ## - DDC Classification | |
| Class No. | 294 |
| Item Number - Author Mark | BON |
| 100 ## - MAIN ENTRY--PERSONAL NAME | |
| Personal name | Bond, G.D |
| 245 #4 - TITLE STATEMENT | |
| Title | The Buddhist revival in Sri Lanka : |
| Remainder of title | religious Ttradition ,reinterpretion and response |
| 260 ## - PUBLICATION, DISTRIBUTION, ETC. | |
| Place of publication, distribution, etc. | New Delhi |
| Name of publisher, distributor, etc. | Motilal Banarsidass publishers |
| Date of publication, distribution, etc. | 1992 |
| 300 ## - PHYSICAL DESCRIPTION | |
| Extent (e.g. Volumes, Pages etc.) | ix, 322 p ., |
| 650 ## - SUBJECT ADDED ENTRY--TOPICAL TERM | |
| Topical term or geographic name entry element | Religion |
| 650 ## - SUBJECT ADDED ENTRY--TOPICAL TERM | |
| Topical term or geographic name entry element | Traditional |
| 942 ## - Koha item type (Biblio) | |
| Koha item type | Books in Stacks (Lending) |
| Lost status | Damaged status | Collection code | Home library | Current library | Shelving location | Date acquired | Full call number | Accession Number | Item type |
|---|---|---|---|---|---|---|---|---|---|
| Lending | WERC Library | WERC Library | Social Science Cupboard | 03/31/2024 | 294 BON | 1298 | Books in Stacks (Lending) |
